Tendencias demográficas y de urbanización en América Central y Panamá /

Guardat en:
Dades bibliogràfiques
Autor principal: Fox, Robert W.
Altres autors: Huguet, Jerrold W.
Format: Text
Publicat: Washington, D.C.: BID
Etiquetes: Afegir etiqueta
Sense etiquetes, Sigues el primer a etiquetar aquest registre!

MARC

LEADER 00000 a a2200000 04500
001 18978
003
040
090 |a 018300  
100 |a Fox, Robert W.  
245 |a Tendencias demográficas y de urbanización en América Central y Panamá /  |c Robert W. Fox 
260 |a Washington, D.C.:   |b BID  
300 |a 239 p  
700 |a Huguet, Jerrold W.  
999 |c 10731  |d 10731